000 00428cam a2200169ua 4500
003 OSt
008 240216b |||||||| |||| 00| 0 eng d
020 _a0-471-86239-8
041 _aeng
082 _a620.1
_bBLA/HA
100 _aBlake, Alexander.
_96050
245 _aHand book of mechanics, materials and structure /
250 _a1 /
260 _aLondon :
_bJohn Wiley & Sons ,
_c1985.
300 _a710 ; .
942 _cBK
999 _c5459
_d5459